000 01269cam a2200349 i 4500
001 016153150
003 EG-ScBUE
005 20230528095134.0
008 120815s2014 vraa f b 001 0 eng d
020 _a1864704950
020 _a9781864704952
040 _aStDuBDS
_beng
_erda
_cStDuBDS
_dUk
_dEG-ScBUE
082 0 4 _a729.1
_222
_bFOR
100 1 _aFortmeyer, Russell Martin,
_eauthor.
_938435
245 1 0 _aKinetic architecture :
_bdesigns for active envelopes /
_cRussell Fortmeyer, Charles D. Linn.
264 1 _aMulgrave :
_bThe Images publishing Group Pty Ltd,
_c2014.
300 _a223 pages :
_billustrations (some color) ;
_c26 cm
336 _2rdacontent
_atext
_btxt
337 _2rdamedia
_aunmediated
_bn
338 _2rdacarrier
_avolume
_bnc
504 _aIncludes bibliographical references and index.
650 7 _aFacades.
_2BUEsh
650 7 _aFacades
_xDesign and construction.
_2BUEsh
650 7 _aArchitecture, Modern
_xEnvironmental aspects.
_2BUEsh
650 7 _aBuildings
_xEnergy conservation.
_2BUEsh
650 7 _aBuildings
_xEnvironmental engineering.
_2BUEsh
_923220
651 _2BUEsh
653 _bENGARC
_cJuly2015
_cSeptember2015
655 _vReading book
700 1 _aLinn, Charles D.,
_eauthor.
942 _2ddc
_k729.1 FOR
_cBB
999 _c20175
_d20147